|
|
|
|
| LEADER |
00000cam a2200000 c 4500 |
| 001 |
1090919816 |
| 003 |
DE-627 |
| 005 |
20260206200135.0 |
| 007 |
tu |
| 008 |
900706s1972 gw ||||| 00| ||ger c |
| 015 |
|
|
|a 73,A25,0237
|2 dnb
|
| 016 |
7 |
|
|a 730185133
|2 DE-101
|
| 020 |
|
|
|c : DM 9.80 (kart.)
|
| 035 |
|
|
|a (DE-627)1090919816
|
| 035 |
|
|
|a (DE-603)074769871
|
| 035 |
|
|
|a (DE-576)020919816
|
| 035 |
|
|
|a (DE-599)BSZ020919816
|
| 035 |
|
|
|a (OCoLC)74114804
|
| 035 |
|
|
|a (OCoLC)74114804
|
| 040 |
|
|
|a DE-627
|b ger
|c DE-627
|e rakwb
|
| 041 |
|
|
|a ger
|
| 044 |
|
|
|c XA-DE
|
| 084 |
|
|
|a 05b
|a 04a
|2 sdnb
|
| 084 |
|
|
|a MS 3530
|2 rvk
|0 (DE-625)rvk/123683:
|
| 084 |
|
|
|a MS 3450
|2 rvk
|0 (DE-625)rvk/123681:
|
| 084 |
|
|
|a PC 2800
|2 rvk
|0 (DE-625)rvk/135066:
|
| 084 |
|
|
|a MS 3300
|2 rvk
|0 (DE-625)rvk/123679:
|
| 084 |
|
|
|a MG 70800
|2 rvk
|0 (DE-625)rvk/122860:12209
|
| 245 |
0 |
0 |
|a Materialien zur Rassenjustiz
|b Stimmen des Widerstands
|c von Angela Y. Davis, Ruchell Magee, den Soledad Brüdern und anderen politischen Gefangenen
|
| 246 |
3 |
3 |
|a if they come in the morning
|
| 264 |
|
1 |
|a Neuwied (am Rhein), Berlin
|b Luchterhand
|c 1972
|
| 300 |
|
|
|a 395 S.
|
| 336 |
|
|
|a Text
|b txt
|2 rdacontent
|
| 337 |
|
|
|a ohne Hilfsmittel zu benutzen
|b n
|2 rdamedia
|
| 338 |
|
|
|a Band
|b nc
|2 rdacarrier
|
| 490 |
0 |
|
|a Sammlung Luchterhand
|v 61
|
| 583 |
1 |
|
|a Archivierung/Langzeitarchivierung gewährleistet
|c 20211026
|f SLG
|x XA-DE-BW
|z Buchnachlass
|2 pdager
|5 DE-25
|
| 583 |
1 |
|
|a Archivierung/Langzeitarchivierung gewährleistet
|c 20211220
|f SLG
|x XA-DE-BW
|z Provenienz
|2 pdager
|5 DE-25
|
| 583 |
1 |
|
|a Archivierung/Langzeitarchivierung gewährleistet
|f SLG
|x XA-DE-BW
|z BfZ
|2 pdager
|5 DE-24
|
| 583 |
1 |
|
|a Archivierung prüfen
|c 20240324
|f DE-4165
|z 1
|2 pdager
|
| 650 |
0 |
7 |
|0 (DE-588)4121487-0
|0 (DE-627)105769274
|0 (DE-576)209543671
|a Politische Justiz
|2 gnd
|
| 650 |
0 |
7 |
|0 (DE-588)4116433-7
|0 (DE-627)104219890
|0 (DE-576)209501537
|a Schwarze
|2 gnd
|
| 650 |
|
4 |
|a Rassendiskriminierung
|
| 650 |
|
4 |
|a Rechtspflege, Politische
|
| 651 |
|
7 |
|0 (DE-588)4078704-7
|0 (DE-627)106076612
|0 (DE-576)209209682
|a Usa
|2 gnd
|
| 651 |
|
4 |
|a Vereinigte Staaten
|
| 651 |
|
4 |
|a Vereinigte Staaten
|
| 651 |
|
4 |
|a Neger
|
| 700 |
1 |
|
|a Davis, Angela Y.
|d 1944-
|0 (DE-588)11852402X
|0 (DE-627)079325513
|0 (DE-576)16068451X
|4 oth
|
| 730 |
0 |
2 |
|a If they come in the morning <dt.>
|
| 889 |
|
|
|w (DE-627)053212932
|
| 935 |
|
|
|i mdedup
|
| 935 |
|
|
|h HEB
|i 0501
|
| 935 |
|
|
|h HEB
|i 0503
|
| 936 |
r |
v |
|a MS 3530
|b Rassismus
|k Soziologie
|k Spezielle Soziologien
|k Soziologie der Minoritäten und Randgruppen
|k Rassismus
|0 (DE-627)1271103672
|0 (DE-625)rvk/123683:
|0 (DE-576)201103672
|
| 936 |
r |
v |
|a MS 3450
|b Schwarze Menschen; Segregation, Desegregation
|k Soziologie
|k Spezielle Soziologien
|k Soziologie der Minoritäten und Randgruppen
|k Schwarze Menschen; Segregation, Desegregation
|0 (DE-627)1271295059
|0 (DE-625)rvk/123681:
|0 (DE-576)201295059
|
| 936 |
r |
v |
|a PC 2800
|b Komplexe Untersuchungen, Querschnittsfragen
|k Rechtswissenschaft
|k Allgemeines zum juristischen Studium und zur Rechtswissenschaft
|k Gesamtdarstellungen, Querschnittsfragen
|k Komplexe Untersuchungen, Querschnittsfragen
|0 (DE-627)1271142155
|0 (DE-625)rvk/135066:
|0 (DE-576)201142155
|
| 936 |
r |
v |
|a MS 3300
|b Allgemeine Literatur
|k Soziologie
|k Spezielle Soziologien
|k Soziologie der Minoritäten und Randgruppen
|k Allgemeine Literatur
|0 (DE-627)1270879677
|0 (DE-625)rvk/123679:
|0 (DE-576)200879677
|
| 936 |
r |
v |
|a MG 70800
|b Allgemeines
|k Politologie
|k Politische Systeme einzelner Länder
|k Europa, Nordamerika
|k Nordamerika
|k USA
|k Rechtsprechung
|k Allgemeines
|0 (DE-627)127193101X
|0 (DE-625)rvk/122860:12209
|0 (DE-576)20193101X
|
| 936 |
s |
n |
|a m100
|2 mzub
|
| 936 |
s |
n |
|a p100
|2 mzub
|
| 936 |
s |
n |
|a m200
|2 mzub
|
| 951 |
|
|
|a BO
|
| ELC |
|
|
|b 1
|
| LOK |
|
|
|0 000 xxxxxcx a22 zn 4500
|
| LOK |
|
|
|0 001 2147168998
|
| LOK |
|
|
|0 003 DE-627
|
| LOK |
|
|
|0 004 1090919816
|
| LOK |
|
|
|0 005 20020607000000
|
| LOK |
|
|
|0 008 930527||||||||||||||||ger|||||||
|
| LOK |
|
|
|0 040
|a DE-21-110
|c DE-627
|d DE-21-110
|
| LOK |
|
|
|0 852
|a DE-21-110
|
| LOK |
|
|
|0 852 1
|c P I 167
|m p
|9 00
|
| LOK |
|
|
|0 935
|a k110
|
| LOK |
|
|
|0 936ln
|a 2.4
|
| LOK |
|
|
|0 938
|k p
|
| LOK |
|
|
|0 939
|a 27-05-93
|b l01
|
| ORI |
|
|
|a SA-MARC-krimdoka001.raw
|
| SIG |
|
|
|a IFK: P I 167
|